000 00813cab a2200241 4500
001 WB2905-52
008 090401t1992 xxu||||| |||| 00| 0 eng d
035 _a(Sirsi) u43163
041 _aeng
245 _aArchitects lose exclusive title
260 _c1992
350 _a0
490 _aBuilding
_v258(7780) 5 February 1993, 5
490 _aRICS Press Release
_vPR26/93 3 February 1992, 2(3)
520 _aThe Environment Minister has announced that ARCUK will be abolished; the restriction that limits the use of the term architect to registered architects will no longer apply.
650 _aABOLITION
650 _aARCHITECTS REGISTRATION
650 _aARCUK
650 _aWARNE COMMITTEE
690 _aMANAGEMENT-BUSINESS MANAGEMENT-PROFESSIONAL PRACTICE
942 _n0
948 _c04/03/1997
999 _c27596
_d27596